| 000 | 00544nmm a2200217 a 4500 | ||
|---|---|---|---|
| 003 | AR-BaBNM | ||
| 005 | 20251128204512.0 | ||
| 008 | 295019s1993 ||||||||||||||000 | spa|| | ||
| 020 | _a950-20-0731-X | ||
| 040 | _cAR-BaBNM | ||
| 100 | 1 | _aGarrone, José Alberto | |
| 245 | 1 | 0 |
_aDiccionario jurídico Abeledo-Perrot _bA-D _n1 |
| 250 | _a2ª ed. aum. | ||
| 260 |
_aBuenos Aires _bAbeledo-Perrot _c1993 |
||
| 300 | 0 | _a818 p. | |
| 650 | 4 | _aDERECHO | |
| 650 | 4 | _aCIENCIAS JURIDICAS | |
| 650 | 4 | _aDICCIONARIOS | |
| 942 | _cBK | ||
| 998 | _cCarmen | ||
| 999 |
_c7677 _d7677 |
||